[Event "CYCC U14"]
[Site "Calgary CAN"]
[Date "2023.07.20"]
[Round "4.108"]
[White "Chenier, Felix"]
[Black "Martin, Dominic"]
[Result "0-1"]
[WhiteElo "1080"]
[BlackElo "893"]
[PlyCount "88"]
[EventDate "2023.07.19"]
[EventType "swiss"]
[EventRounds "7"]
[EventCountry "CAN"]

1. d4 d5 2. e3 Nf6 3. Nc3 Bf5 4. Bd3 Bg6 5. e4 e6 6. e5 Ne4 7. Bg5 Nxg5 8. Nb5
a6 9. Nf3 Nxf3+ 10. gxf3 axb5 11. Bxb5+ c6 12. Bf1 Qb6 13. c4 Qb4+ 14. Qd2
Qxd2+ 15. Kxd2 Bb4+ 16. Kd1 Nd7 17. a3 Ba5 18. b4 Bb6 19. c5 Bc7 20. f4 Bd8 21.
Bh3 Bh4 22. f5 exf5 23. Re1 Bxf2 24. Re2 Bh5 25. Raa2 Bxd4 26. Bxf5 Nxe5 27.
Kc1 Bxe2 28. Rxe2 g6 29. Bc2 Rxa3 30. Rd2 Ra1+ 31. Bb1 Bc3 32. Rc2 Nd3+ 33. Kd1
Rxb1+ 34. Ke2 Nf4+ 35. Ke3 Be5 36. b5 cxb5 37. c6 bxc6 38. Rxc6 d4+ 39. Kf3
Rf1+ 40. Kg4 f5+ 41. Kg5 Rg1+ 42. Kh6 O-O 43. Rxg6+ hxg6 44. h4 Bg7# 0-1

[Event "CYCC U14"]
[Site "Calgary CAN"]
[Date "2023.07.21"]
[Round "5.66"]
[White "Singh Dhaliwal, Jaipreet"]
[Black "Soberov, Emil"]
[Result "0-1"]
[WhiteElo "2028"]
[BlackElo "2280"]
[PlyCount "90"]
[EventDate "2023.07.19"]
[EventType "swiss"]
[EventRounds "7"]
[EventCountry "CAN"]

1. e4 c6 2. d4 d5 3. e5 Bf5 4. Nf3 e6 5. Be2 h6 6. O-O Nd7 7. a4 Ne7 8. a5 g5
9. a6 b5 10. c3 Ng6 11. Ne1 f6 12. exf6 Qxf6 13. Nd3 Bd6 14. Be3 O-O-O 15. Nb4
Nb8 16. Qb3 Kd7 17. Re1 g4 18. Na3 Nh4 19. Nxb5 cxb5 20. Bxb5+ Kc7 21. Be8
Rdxe8 22. Nxd5+ exd5 23. Qb7+ Kd8 24. Qxa7 Bc7 25. Qb7 Qd6 26. Bf4 Qc6 27.
Bxc7+ Kd7 28. Qb3 Kxc7 29. a7 Nd7 30. Qa3 Nb6 31. Re7+ Bd7 32. c4 dxc4 33. Rxe8
Rxe8 34. Qg3+ Kb7 35. Qxh4 Qe4 36. h3 gxh3 37. a8=Q+ Nxa8 38. Qg3 Qxg2+ 39.
Qxg2+ hxg2 40. Kxg2 Re2 41. Rc1 Nb6 42. Kf3 Rxb2 43. d5 Kc7 44. Rh1 c3 45. Ke3
Nxd5+ 0-1

[Event "CYCC U14"]
[Site "Calgary CAN"]
[Date "2023.07.21"]
[Round "5.67"]
[White "Jiang, Barron Jiyu"]
[Black "Lu, Tony"]
[Result "1-0"]
[WhiteElo "1978"]
[BlackElo "2014"]
[PlyCount "79"]
[EventDate "2023.07.19"]
[EventType "swiss"]
[EventRounds "7"]
[EventCountry "CAN"]

1. e4 e6 2. d4 d5 3. e5 c5 4. c3 Nc6 5. Nf3 Qb6 6. a3 c4 7. Nbd2 Na5 8. g3 Ne7
9. Bg2 Bd7 10. O-O h6 11. h4 O-O-O 12. Rb1 Qc7 13. Re1 Nec6 14. Nh2 f5 15. exf6
gxf6 16. Nhf1 h5 17. b4 cxb3 18. Nxb3 Nc4 19. Ne3 Nb6 20. Qd3 Nb8 21. Na5 Bc6
22. Bd2 Bg7 23. Rec1 e5 24. Bh3+ N8d7 25. Nf5 Bf8 26. c4 dxc4 27. Nxc4 Kb8 28.
Na5 Nc5 29. Nxc6+ Qxc6 30. Qc3 Ne4 31. Qxc6 bxc6 32. Ba5 Kb7 33. Bg2 Bxa3 34.
Bxe4 Bxc1 35. Rxc1 exd4 36. Rxc6 Ka6 37. Bd2 Rhf8 38. Nd6 Rxd6 39. Bd3+ Kb7 40.
Rxd6 1-0

[Event "CYCC U14"]
[Site "Calgary CAN"]
[Date "2023.07.21"]
[Round "5.68"]
[White "Yang, Larry"]
[Black "Hossain, Azher"]
[Result "1-0"]
[WhiteElo "1899"]
[BlackElo "1656"]
[PlyCount "63"]
[EventDate "2023.07.19"]
[EventType "swiss"]
[EventRounds "7"]
[EventCountry "CAN"]

1. e4 c6 2. d4 d5 3. e5 Bf5 4. Bd3 Bxd3 5. Qxd3 Qa5+ 6. c3 Qa6 7. Qd1 e6 8. Ne2
c5 9. O-O Nd7 10. Nd2 Ne7 11. Nf3 h5 12. Ng5 g6 13. b3 cxd4 14. cxd4 Nf5 15.
Ng3 h4 16. Nxf5 gxf5 17. h3 Be7 18. Be3 Nb8 19. a3 Nc6 20. b4 b5 21. Rc1 Qb6
22. Qc2 Rc8 23. Qd2 Bxg5 24. Bxg5 Kd7 25. Bf6 Rhg8 26. Rc5 a6 27. Rfc1 Qb7 28.
Bxh4 Rg6 29. Bf6 Rcg8 30. g3 Rc8 31. Kf1 Qb6 32. Qd1 1-0

[Event "CYCC U14"]
[Site "Calgary CAN"]
[Date "2023.07.21"]
[Round "5.69"]
[White "Wu, Jonathan"]
[Black "Joseph, Jonath"]
[Result "1-0"]
[WhiteElo "2075"]
[BlackElo "2057"]
[PlyCount "130"]
[EventDate "2023.07.19"]
[EventType "swiss"]
[EventRounds "7"]
[EventCountry "CAN"]

1. e4 e5 2. Nf3 Nc6 3. d4 exd4 4. Nxd4 Bc5 5. Nb3 Bb6 6. Nc3 Nge7 7. Bg5 d6 8.
Bb5 a6 9. Bxc6+ bxc6 10. Qd2 Be6 11. O-O-O h6 12. Bh4 Qd7 13. f4 O-O 14. f5
Bxb3 15. axb3 Rfe8 16. Kb1 d5 17. g4 Ba5 18. g5 Bxc3 19. Qxc3 hxg5 20. Bxg5 Nc8
21. Rhg1 Kf8 22. Qh3 f6 23. Bxf6 gxf6 24. Qh6+ Ke7 25. Rg7+ Kd8 26. Rxd7+ Kxd7
27. exd5 Nd6 28. dxc6+ Kxc6 29. Qxf6 Rf8 30. Qc3+ Kd7 31. f6 Rae8 32. Rg1 Rf7
33. Rg7 Ref8 34. Rxf7+ Rxf7 35. Qh3+ Kc6 36. Qe6 a5 37. h4 Rh7 38. Qg4 Rf7 39.
Qg6 Kd7 40. h5 Ke6 41. h6 Rxf6 42. Qg8+ Nf7 43. Qe8+ Kd6 44. h7 Rf1+ 45. Ka2
Rf2 46. Qxf7 Rxf7 47. h8=Q Rf5 48. Qh6+ Kc5 49. Qe3+ Kd6 50. Ka3 Rc5 51. c4 Kc6
52. Qe6+ Kb7 53. Qe4+ Kb6 54. Qa8 Rg5 55. Qb8+ Kc6 56. Qe8+ Kb7 57. Qe4+ Kb8
58. Qe3 Rf5 59. Qe8+ Ka7 60. Qd7 Rc5 61. Qd4 Kb6 62. b4 axb4+ 63. Kxb4 Kb7 64.
Qxc5 Ka8 65. Qc6+ Kb8 1-0

[Event "CYCC U14"]
[Site "Calgary CAN"]
[Date "2023.07.21"]
[Round "5.70"]
[White "Yang, Ryan"]
[Black "Tseng, Bradley"]
[Result "1-0"]
[WhiteElo "2217"]
[BlackElo "1734"]
[PlyCount "145"]
[EventDate "2023.07.19"]
[EventType "swiss"]
[EventRounds "7"]
[EventCountry "CAN"]

1. e4 c5 2. Nf3 Nc6 3. Nc3 Nf6 4. d4 cxd4 5. Nxd4 e5 6. Ndb5 d6 7. Bg5 a6 8.
Na3 b5 9. Nd5 Be7 10. Nxe7 Qxe7 11. c4 b4 12. Nc2 h6 13. Bxf6 Qxf6 14. Qd2 Bb7
15. Rd1 Rd8 16. Qe3 O-O 17. g3 Ne7 18. Bg2 Rb8 19. O-O Qe6 20. b3 a5 21. Qd2
Rfd8 22. f4 Nc6 23. f5 Qf6 24. h4 g5 25. fxg6 Qxg6 26. Rf2 Bc8 27. Rdf1 Be6 28.
Kh2 Kg7 29. Bh3 Rd7 30. Bf5 Bxf5 31. exf5 Qg4 32. Qd5 Nd8 33. Rd2 f6 34. Ne3
Qh5 35. Rfd1 Qf7 36. Qf3 Nb7 37. Rd5 Rbd8 38. R1d2 Nc5 39. Nd1 Kh7 40. Nf2 a4
41. Ne4 Qe7 42. Kh3 axb3 43. axb3 Nxe4 44. Qxe4 Rc8 45. Qg4 Rg8 46. Qe4 Qg7 47.
R2d3 h5 48. c5 Rc8 49. Rxd6 Rxd6 50. cxd6 Qd7 51. Qf3 Kh6 52. Qe3+ Kh7 53. Qf3
Kh6 54. g4 hxg4+ 55. Qxg4 Rg8 56. Qe4 Rd8 57. Rd2 Rc8 58. Qg4 Qf7 59. Kh2 Rg8
60. Qf3 Qd7 61. Qe3+ Kh7 62. Qe4 Qg7 63. Rg2 Qd7 64. Rxg8 Kxg8 65. Qd5+ Kg7 66.
Qe6 Qb5 67. Qe7+ Kg8 68. Qxf6 Qe2+ 69. Kg3 Qe4 70. Qg5+ Kf8 71. f6 Qd3+ 72. Kg4
Qxd6 73. Qg7+ 1-0

[Event "CYCC U14"]
[Site "Calgary CAN"]
[Date "2023.07.21"]
[Round "5.71"]
[White "Qian, Eric"]
[Black "Leung, Joseph"]
[Result "1/2-1/2"]
[WhiteElo "1986"]
[BlackElo "1624"]
[PlyCount "62"]
[EventDate "2023.07.19"]
[EventType "swiss"]
[EventRounds "7"]
[EventCountry "CAN"]

1. e4 c5 2. Nf3 d6 3. Bb5+ Bd7 4. Bxd7+ Qxd7 5. c4 e5 6. Nc3 Nf6 7. O-O Nc6 8.
d3 g6 9. Bg5 Bg7 10. Nd2 h6 11. Bxf6 Bxf6 12. Nd5 Bg7 13. Nb1 O-O 14. Nbc3 Nd4
15. Qd2 Kh7 16. Rab1 f5 17. Kh1 f4 18. f3 Bf6 19. Ne2 Nc6 20. b4 b6 21. a3 Bd8
22. Nc1 g5 23. Nb3 Bc7 24. a4 Rab8 25. b5 Na5 26. Nxa5 bxa5 27. Rb2 Bb6 28. Kg1
Rf7 29. Kf2 Rg8 30. h3 h5 31. Rh1 h4 1/2-1/2

[Event "CYCC U14"]
[Site "Calgary CAN"]
[Date "2023.07.21"]
[Round "5.72"]
[White "Zhang, Brian"]
[Black "Ossine, Nicholas"]
[Result "1-0"]
[WhiteElo "1926"]
[BlackElo "1593"]
[PlyCount "93"]
[EventDate "2023.07.19"]
[EventType "swiss"]
[EventRounds "7"]
[EventCountry "CAN"]

1. e4 c6 2. Nc3 d5 3. Nf3 Nf6 4. e5 Ne4 5. Ne2 Qb6 6. d4 e6 7. Nfg1 f6 8. f3
Ng5 9. c3 c5 10. h4 Nf7 11. f4 Nc6 12. Nf3 cxd4 13. cxd4 Nh6 14. h5 Nf5 15. g4
Bb4+ 16. Kf2 Nfe7 17. a3 Qa6 18. Be3 Ba5 19. Nc3 Qb6 20. b4 Nxb4 21. axb4 Qxb4
22. Nb5 Nc6 23. Bd2 Qb2 24. Rxa5 Nxa5 25. Nc7+ Ke7 26. Nxa8 Bd7 27. Kg3 Nc6 28.
Nc7 Nxd4 29. Nxd4 Qxd4 30. exf6+ gxf6 31. Nb5 Qe4 32. Be2 e5 33. fxe5 f5 34.
Nc3 Qxe5+ 35. Kh4 Rg8 36. g5 f4 37. Nxd5+ Kd8 38. Bxf4 Qe4 39. Bf3 Qe6 40. Nf6
Rf8 41. Bg4 Qc6 42. Bxd7 Qxh1+ 43. Qxh1 Rxf6 44. gxf6 Kxd7 45. Qd5+ Ke8 46. f7+
Kf8 47. Bh6+ 1-0

[Event "CYCC U14"]
[Site "Calgary CAN"]
[Date "2023.07.21"]
[Round "5.73"]
[White "Dupuis, Denis"]
[Black "Darvekar, Yash"]
[Result "1/2-1/2"]
[WhiteElo "1065"]
[BlackElo "1886"]
[PlyCount "151"]
[EventDate "2023.07.19"]
[EventType "swiss"]
[EventRounds "7"]
[EventCountry "CAN"]

1. e4 c5 2. Nc3 d6 3. f4 g6 4. Nf3 Bg7 5. Bc4 Nc6 6. O-O e6 7. d3 Nge7 8. Qe1
O-O 9. Qh4 Nd4 10. Nxd4 cxd4 11. Ne2 Nc6 12. Qg3 Na5 13. Bb3 Nxb3 14. axb3 f5
15. Qf2 e5 16. c3 fxe4 17. dxe4 dxc3 18. Nxc3 a6 19. Be3 Be6 20. b4 exf4 21.
Bb6 Qe7 22. Rad1 Rac8 23. Qd2 Be5 24. Rf2 g5 25. Bd4 Rfd8 26. Re1 Qg7 27. Rd1
Rd7 28. Nd5 Rc4 29. Bxe5 dxe5 30. Qe2 Bxd5 31. exd5 Rxb4 32. Qh5 Rd8 33. Rc1
Qg6 34. Qh3 Rd4 35. Rfc2 R4xd5 36. Qb3 Qd3 37. Rc3 Qb5 38. Qc2 Rd2 39. Qb3+
Qxb3 40. Rxb3 Rd1+ 41. Rxd1 Rxd1+ 42. Kf2 Rd7 43. Kf3 Re7 44. Ke4 Kg7 45. g3 h6
46. Rb6 Rf7 47. gxf4 exf4 48. Kf3 h5 49. h3 g4+ 50. hxg4 hxg4+ 51. Kf2 Rf6 52.
Rxb7+ Kg6 53. b4 Kg5 54. b5 axb5 55. Rxb5+ Rf5 56. Rb8 Rf6 57. Rb5+ Rf5 58. Rb8
Re5 59. Rg8+ Kf5 60. Rf8+ Ke4 61. Ra8 g3+ 62. Kg2 Kf5 63. Rf8+ Kg4 64. Rg8+ Rg5
65. Rf8 Rd5 66. Rg8+ Kf5 67. Rf8+ Ke4 68. Re8+ Re5 69. Rf8 Ke3 70. Rf7 Re4 71.
Rf8 Ke2 72. Rf7 Kd3 73. Rd7+ Ke3 74. Rf7 Ra4 75. Re7+ Re4 76. Rf7 1/2-1/2

[Event "CYCC U14"]
[Site "Calgary CAN"]
[Date "2023.07.21"]
[Round "5.74"]
[White "Sundara Rajan, Inbhavenkat"]
[Black "Chen, Ricky"]
[Result "1/2-1/2"]
[WhiteElo "1758"]
[BlackElo "1370"]
[PlyCount "73"]
[EventDate "2023.07.19"]
[EventType "swiss"]
[EventRounds "7"]
[EventCountry "CAN"]

1. e4 c6 2. d4 d5 3. exd5 cxd5 4. Bd3 Nc6 5. c3 Nf6 6. Nf3 Bg4 7. h3 Bh5 8. Bf4
e6 9. Nbd2 Bd6 10. Bxd6 Qxd6 11. O-O O-O 12. Re1 Rfe8 13. Qb3 Qc7 14. Rac1 Bg6
15. Bxg6 hxg6 16. Qb5 a6 17. Qd3 Qa5 18. b3 Rac8 19. a4 b5 20. axb5 Qxb5 21. c4
Qb6 22. Qc3 Nb4 23. Rb1 a5 24. c5 Qb5 25. Ne5 Nd7 26. Nxd7 Qxd7 27. Nf3 Qb5 28.
Red1 Nc6 29. Qd3 Qxd3 30. Rxd3 Rb8 31. Ra1 Rb5 32. Ra3 e5 33. Nxe5 Nxe5 34.
dxe5 Rxc5 35. f4 g5 36. g3 gxf4 37. gxf4 1/2-1/2

[Event "CYCC U14"]
[Site "Calgary CAN"]
[Date "2023.07.21"]
[Round "5.76"]
[White "Xu, Joey"]
[Black "Wu, Nolan"]
[Result "0-1"]
[WhiteElo "1687"]
[BlackElo "1983"]
[PlyCount "62"]
[EventDate "2023.07.19"]
[EventType "swiss"]
[EventRounds "7"]
[EventCountry "CAN"]

1. e4 c5 2. Nc3 g6 3. d4 cxd4 4. Qxd4 Nf6 5. b3 Bg7 6. f3 Nc6 7. Qd2 d6 8. Bb2
Be6 9. O-O-O Rc8 10. Kb1 a6 11. h4 h5 12. Nh3 b5 13. Ng5 Nd7 14. Nxe6 fxe6 15.
Qg5 Nf8 16. f4 Nb4 17. e5 Bh6 18. Qg3 Qc7 19. Qf2 Bg7 20. a3 Nc6 21. Bxb5 axb5
22. exd6 Qa5 23. Nxb5 Bxb2 24. Nc7+ Kf7 25. Kxb2 exd6 26. Nd5 exd5 27. f5 Ne5
28. fxg6+ Kg7 29. Rhf1 Nfd7 30. Qf5 Qc3+ 31. Kb1 Rhf8 0-1

[Event "CYCC U14"]
[Site "Calgary CAN"]
[Date "2023.07.21"]
[Round "5.77"]
[White "Li, Anthony"]
[Black "Aljo, Johan"]
[Result "0-1"]
[WhiteElo "1490"]
[BlackElo "2124"]
[PlyCount "92"]
[EventDate "2023.07.19"]
[EventType "swiss"]
[EventRounds "7"]
[EventCountry "CAN"]

1. e4 c6 2. d4 d5 3. e5 Bf5 4. Nf3 e6 5. Be3 Nd7 6. Nbd2 Ne7 7. h3 c5 8. c3 Nc6
9. Be2 cxd4 10. cxd4 Be7 11. Rc1 O-O 12. O-O Qb6 13. b3 Ba3 14. Rc3 Bb2 15. Rc2
Bxc2 16. Qxc2 Bxd4 17. Bxd4 Nxd4 18. Nxd4 Qxd4 19. Nf3 Qc5 20. Qb1 Rac8 21. Bd3
g6 22. h4 Qc3 23. Re1 Nc5 24. Bc2 d4 25. Rd1 d3 26. Bxd3 Nxd3 27. Rxd3 Qc1+ 28.
Qxc1 Rxc1+ 29. Kh2 Rfc8 30. Kg3 R1c3 31. Rd7 R8c7 32. Rd4 Kg7 33. Kf4 Rc2 34.
g4 Rxf2 35. Kg3 Re2 36. a4 Rc3 37. g5 Ree3 38. Rf4 Rxb3 39. Kg4 Kf8 40. Kg3 Ke7
41. Kf2 Rxf3+ 42. Rxf3 Rxf3+ 43. Kxf3 Kd7 44. Ke4 Kc6 45. Kd4 b5 46. a5 a6 0-1

[Event "CYCC U14"]
[Site "Calgary CAN"]
[Date "2023.07.21"]
[Round "5.78"]
[White "Luan, Jacky"]
[Black "Wang, Andy"]
[Result "0-1"]
[WhiteElo "1447"]
[BlackElo "1960"]
[PlyCount "132"]
[EventDate "2023.07.19"]
[EventType "swiss"]
[EventRounds "7"]
[EventCountry "CAN"]

1. e4 e5 2. Nf3 Nc6 3. Bc4 Bc5 4. c3 Nf6 5. d4 exd4 6. cxd4 Bb4+ 7. Bd2 Bxd2+
8. Nbxd2 d5 9. exd5 Nxd5 10. O-O O-O 11. Re1 Nb6 12. Qb3 Bg4 13. Qd3 Nb4 14.
Qc3 Bxf3 15. Nxf3 Qd6 16. a3 Nc6 17. b4 Rad8 18. Rad1 Nxc4 19. Qxc4 Qd5 20.
Qxd5 Rxd5 21. h3 Rfd8 22. Re3 f6 23. Rc3 R8d7 24. Rc5 Kf7 25. Rxd5 Rxd5 26. Kf1
Ke6 27. Ke2 a5 28. bxa5 Rxa5 29. Rd3 Kd5 30. Ke3 Ra4 31. g3 Na5 32. Nd2 Nc6 33.
Nf3 Ne7 34. g4 Nc6 35. Rc3 b6 36. Rd3 Na5 37. Nd2 b5 38. Nb1 Nc4+ 39. Kf3 Ra8
40. Nc3+ Kc6 41. Nb1 Kd6 42. Ke4 Re8+ 43. Kf3 c6 44. Nd2 Kd5 45. Nf1 Re1 46.
Ne3+ Nxe3 47. Rxe3 Rxe3+ 48. Kxe3 Kc4 49. Ke4 Kb3 50. d5 cxd5+ 51. Kxd5 Kxa3
52. Ke6 b4 53. Kf7 b3 54. Kxg7 b2 55. Kxf6 b1=Q 56. Kg5 Qf1 57. f4 Qxh3 58. f5
h6+ 59. Kf4 Qh4 60. Kf3 Kb3 61. Kf4 Kc4 62. Kf3 Kd4 63. Kf4 Qg5+ 64. Kf3 Qe3+
65. Kg2 Ke4 66. Kh2 Qf2+ 0-1

[Event "CYCC U14"]
[Site "Calgary CAN"]
[Date "2023.07.21"]
[Round "5.79"]
[White "Tan, Shuwen"]
[Black "Ming, Jerry"]
[Result "1/2-1/2"]
[WhiteElo "1415"]
[BlackElo "1756"]
[PlyCount "49"]
[EventDate "2023.07.19"]
[EventType "swiss"]
[EventRounds "7"]
[EventCountry "CAN"]

1. e4 c5 2. Nf3 e6 3. d4 cxd4 4. Nxd4 Nc6 5. Nc3 Qc7 6. Be3 a6 7. f4 d6 8. Nxc6
bxc6 9. Bd3 d5 10. O-O Nf6 11. e5 Nd7 12. Be2 c5 13. Bf3 Bb7 14. Bf2 Be7 15.
Qe2 Bc6 16. a4 g6 17. Nd1 Nb6 18. a5 Nd7 19. Qd2 Rb8 20. Be2 Bb5 21. b3 Bxe2
22. Qxe2 Ra8 23. Nb2 O-O 24. c4 d4 25. Nd3 1/2-1/2

[Event "CYCC U14"]
[Site "Calgary CAN"]
[Date "2023.07.21"]
[Round "5.80"]
[White "Huang, Eric"]
[Black "Alpuri, Aaqil"]
[Result "0-1"]
[WhiteElo "1366"]
[BlackElo "1704"]
[PlyCount "98"]
[EventDate "2023.07.19"]
[EventType "swiss"]
[EventRounds "7"]
[EventCountry "CAN"]

1. d4 Nf6 2. c4 e6 3. Nf3 d5 4. Bg5 Be7 5. e3 c6 6. Nc3 Nbd7 7. Bd3 h6 8. Bh4
dxc4 9. Bxc4 b5 10. Bd3 Bb7 11. O-O O-O 12. Qe2 a6 13. Ne4 Nxe4 14. Bxe7 Qxe7
15. Bxe4 Nf6 16. Bd3 Rac8 17. Rac1 Rfd8 18. Rfd1 Rd5 19. e4 Rdd8 20. e5 Nd5 21.
Qe4 g6 22. Rc5 Nb6 23. Qe3 Kg7 24. Rdc1 Nd7 25. b4 a5 26. a3 Nxc5 27. bxc5 Ba6
28. Nd2 Qd7 29. Nf3 Ra8 30. Bb1 b4 31. a4 Rab8 32. h3 b3 33. Qf4 Rb4 34. Qf6+
Kh7 35. Rc3 Rc8 36. Nh4 Rg8 37. Rg3 Qe8 38. f4 b2 39. f5 exf5 40. Nxf5 Qe6 41.
Qxe6 fxe6 42. Ne7 Rg7 43. Nxg6 Kg8 44. Ne7+ Kf8 45. Rxg7 Kxg7 46. Nxc6 Rxa4 47.
Bc2 Ra1+ 48. Kf2 Rc1 49. Be4 Bb7 0-1

[Event "CYCC U14"]
[Site "Calgary CAN"]
[Date "2023.07.21"]
[Round "5.81"]
[White "Wang, Dennis"]
[Black "Tran, Tri"]
[Result "1/2-1/2"]
[WhiteElo "1358"]
[BlackElo "1675"]
[PlyCount "55"]
[EventDate "2023.07.19"]
[EventType "swiss"]
[EventRounds "7"]
[EventCountry "CAN"]

1. d4 d5 2. Bf4 Nf6 3. Nf3 c5 4. e3 Nc6 5. c3 e6 6. Bd3 Bd6 7. Bxd6 Qxd6 8. O-O
O-O 9. Nbd2 e5 10. dxe5 Nxe5 11. Nxe5 Qxe5 12. Nf3 Qc7 13. h3 Re8 14. Rc1 b6
15. a4 Bb7 16. b4 Qe7 17. bxc5 Qxc5 18. Nd4 Rac8 19. Qb3 Ne4 20. Rc2 Nd6 21.
Be2 Nc4 22. Rfc1 Qe7 23. Bf3 Rc5 24. Rd1 Rec8 25. Rdc1 g6 26. Qb4 a6 27. Bg4
R8c7 28. Be2 1/2-1/2

[Event "CYCC U14"]
[Site "Calgary CAN"]
[Date "2023.07.21"]
[Round "5.82"]
[White "Koo, Minjun"]
[Black "Ou Yang, Andrew"]
[Result "1-0"]
[WhiteElo "1661"]
[BlackElo "1077"]
[PlyCount "87"]
[EventDate "2023.07.19"]
[EventType "swiss"]
[EventRounds "7"]
[EventCountry "CAN"]

1. d4 g6 2. Nc3 Bg7 3. e4 d6 4. Be3 Nf6 5. f3 O-O 6. Qd2 e5 7. d5 c6 8. O-O-O
cxd5 9. Nxd5 Be6 10. Nxf6+ Bxf6 11. Qxd6 Qxd6 12. Rxd6 Bg7 13. a3 Nc6 14. Bb5
Rfd8 15. Rxd8+ Rxd8 16. Bxc6 bxc6 17. Ne2 a6 18. Nc3 f5 19. Rd1 Rxd1+ 20. Kxd1
f4 21. Bc5 Bf8 22. Bxf8 Kxf8 23. b3 h5 24. Na4 Ke7 25. Nc5 Bc8 26. h4 a5 27. c3
Kd6 28. b4 axb4 29. cxb4 Kc7 30. Kc2 Kd6 31. Kb3 Ke7 32. Ka4 Kf6 33. Ka5 g5 34.
hxg5+ Kxg5 35. Nd3 Kh4 36. Nxe5 Kg3 37. Ng6 h4 38. Kb6 Bd7 39. a4 Be8 40. Nxh4
Kxh4 41. a5 Kg3 42. a6 Kxg2 43. a7 Kxf3 44. a8=Q 1-0

[Event "CYCC U14"]
[Site "Calgary CAN"]
[Date "2023.07.21"]
[Round "5.83"]
[White "Russell, Wesley"]
[Black "Spiian, Rostyslav"]
[Result "1-0"]
[WhiteElo "1723"]
[BlackElo "1282"]
[PlyCount "121"]
[EventDate "2023.07.19"]
[EventType "swiss"]
[EventRounds "7"]
[EventCountry "CAN"]

1. e4 c5 2. c3 d5 3. exd5 Qxd5 4. d4 Nc6 5. Nf3 Bg4 6. Be2 cxd4 7. cxd4 O-O-O
8. Be3 e6 9. Nc3 Bb4 10. O-O Bxc3 11. bxc3 Nf6 12. Bf4 Qf5 13. Bg3 Nd5 14. Qb3
Nb6 15. h3 Bh5 16. Rfe1 Rd5 17. Rab1 Rd7 18. Ne5 Nxe5 19. Bxe5 Bxe2 20. Rxe2 f6
21. Bg3 Nd5 22. Rbe1 Re8 23. c4 Nf4 24. Bxf4 Qxf4 25. d5 e5 26. Re4 Qd2 27.
R4e2 Qa5 28. Rc1 Qc5 29. Rb2 b6 30. Rd1 g5 31. Qd3 a6 32. Rdb1 Kc7 33. Rxb6
Qxb6 34. Rxb6 Kxb6 35. Qf5 Rf7 36. d6 Ref8 37. Qe6 Rb7 38. d7+ Kc7 39. c5 Kd8
40. c6 Rc7 41. Qd6 Rf7 42. Kf1 e4 43. Ke2 f5 44. Ke3 a5 45. Kd4 Re7 46. Qf6
Rxc6 47. Qxc6 Rxd7+ 48. Ke5 Rf7 49. Qa8+ Ke7 50. Qxa5 h5 51. Qc5+ Kd8 52. Qd6+
Rd7 53. Qf8+ Kc7 54. Qxf5 Kc6 55. Qe6+ Kc7 56. Kxe4 Rd6 57. Qc4+ Kd7 58. Qd4
Rxd4+ 59. Kxd4 Ke6 60. a4 h4 61. a5 1-0

[Event "CYCC U14"]
[Site "Calgary CAN"]
[Date "2023.07.21"]
[Round "5.84"]
[White "Huang, Nico"]
[Black "Jackson, Mateo"]
[Result "1/2-1/2"]
[WhiteElo "1233"]
[BlackElo "1914"]
[PlyCount "67"]
[EventDate "2023.07.19"]
[EventType "swiss"]
[EventRounds "7"]
[EventCountry "CAN"]

1. e4 c5 2. Nf3 Nc6 3. d4 cxd4 4. Nxd4 g6 5. Bc4 Bg7 6. Be3 Nf6 7. Nc3 O-O 8.
O-O Nxe4 9. Nxe4 d5 10. Bb5 dxe4 11. Nxc6 bxc6 12. Bxc6 Rb8 13. Bxa7 Rxb2 14.
Bxe4 Rb4 15. Qxd8 Rxd8 16. Rae1 Ba6 17. Bc5 Rb2 18. Bxe7 Rd7 19. Bc6 Rxe7 20.
Rxe7 Bxf1 21. Kxf1 Rxa2 22. Re8+ Bf8 23. Be4 Kg7 24. Rb8 Bc5 25. g3 Ra7 26. Rb2
Bd4 27. Rb4 Bc5 28. Rb1 Kf6 29. f4 Ke6 30. Ke2 f5 31. Bf3 Ra3 32. Rd1 Re3+ 33.
Kf2 Rc3+ 34. Kg2 1/2-1/2

[Event "CYCC U14"]
[Site "Calgary CAN"]
[Date "2023.07.21"]
[Round "5.85"]
[White "Murali, Dhruv"]
[Black "Zhu, Glyn"]
[Result "1-0"]
[WhiteElo "1560"]
[BlackElo "1213"]
[PlyCount "89"]
[EventDate "2023.07.19"]
[EventType "swiss"]
[EventRounds "7"]
[EventCountry "CAN"]

1. b3 e6 2. Bb2 d5 3. e3 Nf6 4. Nf3 c5 5. d4 Nc6 6. c4 cxd4 7. exd4 Bb4+ 8.
Nbd2 O-O 9. a3 Ba5 10. b4 Bc7 11. c5 Re8 12. Be2 a6 13. Qc2 e5 14. dxe5 Nxe5
15. O-O Ng6 16. Bd3 Bg4 17. Bf5 Bxf5 18. Qxf5 h6 19. Bxf6 Qxf6 20. Qxd5 Rab8
21. Ne4 Qf4 22. Nd6 Bxd6 23. cxd6 Qf6 24. Qd4 Qf5 25. Rfe1 Nf4 26. Qd2 Qg4 27.
g3 g5 28. Ne5 Rxe5 29. Rxe5 Nh3+ 30. Kg2 Nf4+ 31. Kg1 Nh3+ 32. Kf1 Qf3 33. Rae1
Qh1+ 34. Ke2 Qg2 35. Ke3 g4 36. d7 Qf3+ 37. Kd4 Qf6 38. Kc4 Qc6+ 39. Kb3 Qf3+
40. R1e3 Qh1 41. Re8+ Kh7 42. Qd3+ Kg7 43. Qd4+ f6 44. R3e7+ Kg6 45. Qe4+ 1-0

[Event "CYCC U14"]
[Site "Calgary CAN"]
[Date "2023.07.21"]
[Round "5.86"]
[White "Pollitt, Henry"]
[Black "Lomov, Peter"]
[Result "1-0"]
[WhiteElo "1467"]
[BlackElo "1007"]
[PlyCount "95"]
[EventDate "2023.07.19"]
[EventType "swiss"]
[EventRounds "7"]
[EventCountry "CAN"]

1. e4 c5 2. c3 Nf6 3. e5 Nd5 4. Nf3 d6 5. exd6 Qxd6 6. d4 cxd4 7. Nxd4 Nf6 8.
Be2 g6 9. Qc2 Bg7 10. Nb5 Qc6 11. O-O O-O 12. a4 Bf5 13. Qb3 Be4 14. Nd4 Qd5
15. Bc4 Qd7 16. Nd2 Bd5 17. Re1 e6 18. N2f3 Bxc4 19. Qxc4 Rc8 20. Qb3 Nc6 21.
Nxc6 Rxc6 22. Ne5 Rb6 23. Qxb6 axb6 24. Nxd7 Nxd7 25. Be3 Nc5 26. Bxc5 bxc5 27.
Red1 Kf8 28. Rd7 b5 29. a5 b4 30. cxb4 cxb4 31. Rd2 Bf6 32. g3 Bd8 33. a6 Bf6
34. Kf1 Ke7 35. Ra4 Ra7 36. b3 Bc3 37. Rd1 e5 38. Rd5 h6 39. Rb5 Ra8 40. a7 Bd4
41. Rb8 Rxa7 42. Rxa7+ Bxa7 43. Rb7+ Ke6 44. Rxa7 f5 45. Rb7 Kd5 46. Rxb4 Kc5
47. Rc4+ Kb5 48. Rc8 1-0

[Event "CYCC U14"]
[Site "Calgary CAN"]
[Date "2023.07.21"]
[Round "5.87"]
[White "Hirji, Kahil"]
[Black "Huang, Winston"]
[Result "0-1"]
[WhiteElo "1180"]
[BlackElo "1460"]
[PlyCount "126"]
[EventDate "2023.07.19"]
[EventType "swiss"]
[EventRounds "7"]
[EventCountry "CAN"]

1. d4 d5 2. Bf4 Nf6 3. Nf3 e6 4. c3 c5 5. e3 Nc6 6. Nbd2 cxd4 7. exd4 Bd6 8.
Bxd6 Qxd6 9. Bd3 O-O 10. O-O e5 11. dxe5 Nxe5 12. Nxe5 Qxe5 13. Nf3 Qc7 14. Qc2
h6 15. h3 Re8 16. Rfe1 Bd7 17. c4 dxc4 18. Bxc4 Rxe1+ 19. Rxe1 Rc8 20. b3 b5
21. Bxf7+ Kxf7 22. Qxc7 Rxc7 23. Ne5+ Kg8 24. Ng6 a5 25. g4 Rc2 26. a4 bxa4 27.
bxa4 Ra2 28. Rb1 Rxa4 29. Rb8+ Kf7 30. Ne5+ Ke6 31. Nd3 Ra1+ 32. Kh2 a4 33. Ra8
a3 34. f4 a2 35. Ra6+ Ke7 36. Ra7 Kd6 37. Ra6+ Kc7 38. Nb4 Bb5 39. Rxa2 Rxa2+
40. Nxa2 Kd6 41. Kg3 Kd5 42. Nc3+ Kc4 43. Nxb5 Kxb5 44. g5 hxg5 45. fxg5 Nh5+
46. Kg4 g6 47. Kf3 Kc5 48. Kg4 Kd4 49. Kf3 Kd3 50. h4 Kd4 51. Kg2 Ke3 52. Kh2
Kf3 53. Kh1 Kg3 54. Kg1 Kxh4 55. Kh2 Kxg5 56. Kg1 Kf4 57. Kf2 g5 58. Kg1 Kf3
59. Kf1 g4 60. Kg1 g3 61. Kh1 g2+ 62. Kg1 Nf4 63. Kh2 Ne2 0-1

[Event "CYCC U14"]
[Site "Calgary CAN"]
[Date "2023.07.21"]
[Round "5.88"]
[White "Tian, Justin"]
[Black "Bouchard, Nicholas"]
[Result "0-1"]
[WhiteElo "1132"]
[BlackElo "1443"]
[PlyCount "62"]
[EventDate "2023.07.19"]
[EventType "swiss"]
[EventRounds "7"]
[EventCountry "CAN"]

1. e4 c6 2. d4 d5 3. exd5 cxd5 4. Nf3 Nf6 5. Bg5 Bg4 6. Nc3 a6 7. h3 Bxf3 8.
Qxf3 Nbd7 9. Bd3 e6 10. O-O Qb6 11. Ne2 h6 12. Bc1 Bd6 13. c3 Bc7 14. Re1 O-O-O
15. Bf4 Bxf4 16. Nxf4 g5 17. Ne2 h5 18. c4 g4 19. Qg3 h4 20. Qh2 g3 21. fxg3
hxg3 22. Nxg3 Qxd4+ 23. Kh1 Qxd3 24. Nf5 Qxf5 25. cxd5 e5 26. Qg1 Kb8 27. b4
Ng4 28. Rf1 Qe4 29. Rxf7 Rxh3+ 30. Qh2 Rxh2+ 31. Kg1 Qxg2# 0-1